| 000 | 01642cam a2200253 4500 | ||
|---|---|---|---|
| 001 | ABS63168 | ||
| 008 | 000000n2000 000 0 eng u | ||
| 035 | _a(Sirsi) u109508 | ||
| 100 | _aWilliams, H | ||
| 245 | _aMove along now everybody, please | ||
| 260 | _c2000 | ||
| 490 |
_aHousing Today _v(210) 16 November 2000, 14-15(2) |
||
| 520 | _aLooks at how the Housing Green Paper is encouraging social landlords to adopt a choice-based approach to the letting of social housing. Highlights the importance of offering customers choice in terms of location and property type, while continuing to meet housing need in high demand areas. Government is inviting bids from local authorities to test how choice-based systems work in different areas. A key research area is whether the operation of choice-based systems can be reconciled with the wide range of tenant needs, for example, those with mental health problems or who are desperate to be relocated. Describes how the Circle 33 and Notting Hill housing trusts have already tackled some of these problems with tenant participation. Circle 33 provides a newsletter advertising available property, yet still offers urgent priority to vulnerable tenants. Notting Hill has developed its own website, selfmoves.com, which advertises property and allows tenants to find a match for their own criteria. | ||
| 590 | _aABS | ||
| 650 | _aHOUSING GREEN PAPER | ||
| 650 | _aSOCIAL HOUSING | ||
| 650 | _aSOCIAL LANDLORDS | ||
| 650 | _aTENANT PARTICIPATION | ||
| 650 | _aDEMAND | ||
| 650 | _aNOTTING HILL | ||
| 650 | _aWEBSITES | ||
| 690 |
_aAffordable housing _96215 |
||
| 942 | _n0 | ||
| 999 |
_c65379 _d65379 |
||